LEADER 01036cam0-2200325---450- 001 990005823150403321 005 20130411163039.0 010 $a84-370-2061-1 035 $a000582315 035 $aFED01000582315 035 $a(Aleph)000582315FED01 035 $a000582315 100 $a19990604d1995----km-y0itay50------ba 101 0 $aspa 102 $aES 105 $a--------001yy 200 1 $a<>compendios de castigos del siglo XIII: técnicas narrativas y contenido ético$fMarta Haro Cortés 210 $aValencia$cUniversitat de València$d1995 215 $a278 p.$d21 cm 225 1 $aCuadernos de filologia$iAnejo$v14 610 0 $aLetteratura didascalica spagnola$aSec. 13. 676 $a868.1 700 1$aHaro Cortés,$bMarta$0402520 801 0$aIT$bUNINA$gRICA$2UNIMARC 901 $aBK 912 $a990005823150403321 952 $a868.1 HAR 1$bDip.f.m.8396$fFLFBC 959 $aFLFBC 996 $aCompendios de castigos del siglo XIII: técnicas narrativas y contenido ético$9567439 997 $aUNINA LEADER 01053cam0-22003371i-450- 001 990007165330403321 005 20041220100618.0 035 $a000716533 035 $aFED01000716533 035 $a(Aleph)000716533FED01 035 $a000716533 100 $a20021021d2001----km-y0itay50------ba 101 0 $aita 102 $aIT 200 1 $a<>leader, la folla, la democrazia nel discorso pubblico americano$e1880-1941$fDaria Frezza 210 $aRoma$cCarocci$d2001 215 $a335 p.$d22 cm 225 1 $aStudi storici Carocci$v11 610 0 $aDemocrazia$aStati Uniti d'America$a1880-1941 610 0 $aPropaganda$aStati Uniti d'America$a1880-1941 676 $a303.3750973$v21$zita 700 1$aFrezza,$bDario$0414421 801 0$aIT$bUNINA$gRICA$2UNIMARC 901 $aBK 912 $a990007165330403321 952 $aXIV I 25$b4680$fDDCIC 952 $a303.37 FRE 1$bBibl. 46867$fFLFBC 959 $aDDCIC 959 $aFLFBC 996 $aLeader, la folla, la democrazia nel discorso pubblico americano$9690112 997 $aUNINA LEADER 01149nam--2200373---450- 001 990006054400203316 005 20150629130827.0 010 $a88-311-3073-0 035 $a000605440 035 $aUSA01000605440 035 $a(ALEPH)000605440USA01 035 $a000605440 100 $a20150629d1988----km-y0itay50------ba 101 $aita 102 $aIT 105 $a||||||||001yy 200 1 $aVita di Gregorio Taumaturgo$fGregorio di Nissa$gtraduzione, introduzione e note a cura di Luigi Leone 210 $aRoma$cCittà nuova$dc1988 215 $a106 p.$d21 cm. 225 2 $aCollana di testi patristici$v73 410 0$12001$aCollana di testi patristici$v73 454 1$12001$aDe vita B. Gregorii Thaumaturgii$929244 461 1$1001-------$12001 676 $a270.10924 700 1$aGREGORIUS : Nyssenus$0330452 702 1$aLEONE,$bLuigi 801 0$aIT$bsalbc$gISBD 912 $a990006054400203316 951 $aXVII.B. Coll. 1/73$b530/92 DLM$cXVII.B.$d381144 959 $aBK 969 $aDILAM 979 $aRIVELLI$b90$c20150629$lUSA01$h1308 996 $aDe vita B. Gregorii Thaumaturgii$929244 997 $aUNISA